| 000 | 00631nam a22001937a 4500 | ||
|---|---|---|---|
| 999 |
_c526339 _d526339 |
||
| 003 | NUST | ||
| 005 | 20190710110859.0 | ||
| 008 | 190710b ||||| |||| 00| 0 eng d | ||
| 038 | _aMr. Zahoor | ||
| 082 | _a621.3 | ||
| 100 |
_aAslam, Muhammad Mohsin _917323 |
||
| 245 |
_aModeling, Electromagnetic Simulatiosns and Position Control of Radial Flux Brushless DC Motor / _c Muhammad Mohsin |
||
| 260 |
_aIslambad : _bCEME - NUST, _c2014. |
||
| 300 |
_axiv, 66 p. : ill. ; _c30cm. |
||
| 500 | _aHard cover. | ||
| 650 |
_aElectrical Engineering - MS Thesis _916073 |
||
| 700 |
_aDr. Muhammad Bilal Malik _917324 |
||
| 942 |
_2ddc _cTHE |
||